Advanced inorganic chemistry (Record no. 2836)

000 -LEADER
fixed length control field 00571nam a2200241u 4500
001 - CONTROL NUMBER
control field 2836
003 - CONTROL NUMBER IDENTIFIER
control field BD-DhUET
008 - FIXED-LENGTH DATA ELEMENTS--GENERAL INFORMATION
fixed length control field 890901s1965 ii 000 0 eng
020 ## - INTERNATIONAL STANDARD BOOK NUMBER
International Standard Book Number 8121902630
040 ## - CATALOGING SOURCE
Original cataloging agency DLC
Transcribing agency DLC
Modifying agency BD-DhUET
082 ## - DEWEY DECIMAL CLASSIFICATION NUMBER
Classification number 546
Item number PRA/2000
100 ## - MAIN ENTRY--PERSONAL NAME
Personal name Prakash, Satya
245 00 - TITLE STATEMENT
Title Advanced inorganic chemistry
250 ## - EDITION STATEMENT
Edition statement 1st ed.
260 ## - PUBLICATION, DISTRIBUTION, ETC. (IMPRINT)
Place of publication, distribution, etc. New York
Name of publisher, distributor, etc. S. Chand
Date of publication, distribution, etc. 2000
300 ## - PHYSICAL DESCRIPTION
Extent xvi, 1157p.
Other physical details ill.
500 ## - GENERAL NOTE
General note Vol. I
650 #0 - SUBJECT ADDED ENTRY--TOPICAL TERM
Topical term or geographic name as entry element Chemistry
700 ## - ADDED ENTRY--PERSONAL NAME
Personal name Tuli, G. D.
700 ## - ADDED ENTRY--PERSONAL NAME
Personal name Basu, S. K.
700 ## - ADDED ENTRY--PERSONAL NAME
Personal name Madan, R. D.
942 ## - ADDED ENTRY ELEMENTS (KOHA)
Koha item type General Book
Holdings
Koha item type Sublocation or collection (holding branch) Copy number Damaged status Location (home branch) Koha full call number Date acquired Price effective from Koha date last borrowed Koha issues (times borrowed) Piece designation (barcode) Shelving location Not for loan Koha renewals Source of classification or shelving scheme Lost status Koha normalized classification for sorting Koha date last seen Withdrawn status
General BookCentral Library, BUET1 Central Library, BUET546/PRA/20002014-10-122014-10-122024-04-27596435Circulation section 2  546_000000000000000_PRA_20002024-05-26 
General BookCentral Library, BUET2 Central Library, BUET546/PRA/20002014-11-092014-11-092020-02-231296433Circulation section 1  546PRA20002020-02-24 
Reading ItemCentral Library, BUET3 Central Library, BUET546/PRA/20002015-06-162015-06-16  96431Reading section    546_000000000000000_PRA_20002015-06-16 
General BookCentral Library, BUET4 Central Library, BUET546/PRA/20002015-12-282015-12-282019-08-24696434Circulation section    546_000000000000000_PRA_20002019-09-01